| 000 | 00694 a2200229 4500 | ||
|---|---|---|---|
| 020 | _a978-9937-8174-2-4 | ||
| 041 | _aEng | ||
| 082 |
_a303.6 _bUp2l |
||
| 100 |
_aUpreti, Bishnu Raj ed. _95658 |
||
| 100 |
_aMuller-Boker, Ulrike _95659 |
||
| 245 | _aLivelihood insecurity and social conflict in Nepal / | ||
| 260 |
_akathmandu : _bSouth Asia Regional Cooperation Office, _c2010 |
||
| 300 | _axi, 275p.: illus. | ||
| 504 | _aBibliography at the end of each chapter | ||
| 518 | _a2010-12-20 | ||
| 650 |
_aNatural resources _93110 |
||
| 650 |
_aPolitical economy _91970 |
||
| 650 |
_aHunger _93657 |
||
| 650 |
_aCommunity forestry _95660 |
||
| 653 | _aSocial conflicts | ||
| 942 |
_2ddc _cNCN |
||
| 999 |
_c49202 _d49199 |
||